| 000 | 01264nam a2200337 a 4500 | ||
|---|---|---|---|
| 001 | 000109268 | ||
| 003 | CHAP | ||
| 005 | 20220329144044.0 | ||
| 008 | 140415s2013 mx sm |||||||spa d | ||
| 010 | _a105730 | ||
| 011 | _a106702 | ||
| 040 | _cCHAP | ||
| 090 | _aTesis | ||
| 100 | 1 |
_aGodínez Aguilar, Julio César _9126622 |
|
| 245 | 1 | 0 |
_aCaracterización morfologica y busqueda de genes de resistencia en jitomate (Solanum lycopersicum L.) nativo de México _h[En línea] _cpor Julio César Godínez Aguilar. |
| 260 |
_aChapingo, Méx. : _bEl autor, _c2013. |
||
| 500 | _aPara ver el contenido del material haga clic en la liga | ||
| 502 | _aTesis (M. C. en Biotecnología Agrícola) -- UACH. Departamento de Fitotecnia | ||
| 590 |
_aBATCH-UPD _b10 _c20141002 _lUCH01 _h0900 |
||
| 590 |
_aE11695DGD _b10 _c20140425 _lUCH01 _h0938 |
||
| 590 |
_aE6096MTM _b05 _c20140415 _lUCH01 _h0930 |
||
| 590 |
_aE6096MTM _b05 _c20140415 _lUCH01 _h0932 |
||
| 650 | 1 | 4 |
_aTomate _xFisiología y morfología. _9113722 |
| 650 | 1 | 4 |
_aTomate _xGenética. _9113726 |
| 650 | 1 | 4 |
_aTomate _xMejoramiento. _9113737 |
| 650 | 1 | 4 |
_aTomate _xMéxico. _9113742 |
| 856 |
_aFinding aid _uhttp://10.13.5.2/tesis/sist109268.pdf _zTeclea aquí |
||
| 901 | _aBK | ||
| 942 | _cTESIS | ||
| 942 | _n0 | ||
| 999 |
_c105730 _d105730 |
||